paroles - Rêves bizarres - Orelsan - Part 1 - Statistiques

Statistiques générales
  • Ce quiz a été pris 348 fois
  • Le résultat moyen est 322 sur 430
Statistiques - réponses
Réponse % Correct
de
100%
rêves
99%
bizarres
98%
des
98%
je
98%
le
97%
à
96%
j'ai
96%
Ce
95%
ce
95%
fait
95%
me
95%
pas
95%
qui
95%
les
93%
m'a
93%
et
92%
pour
92%
91%
la
91%
m'en
91%
91%
plus
91%
fais
90%
que
90%
trucs
90%
tu
90%
c'est
89%
mets
89%
soir
88%
ta
88%
dans
87%
si
87%
tout
87%
mais
86%
s'expliquent
86%
visage
86%
mal
85%
minable
85%
mon
85%
pourquoi
85%
qu'une
85%
changeais
84%
est
84%
te
84%
ton
84%
vous
84%
histoires
83%
belles
82%
ça
82%
en
82%
n'est
82%
un
82%
m'aime
81%
pute
81%
qu'on
81%
suis
81%
80%
l'été
80%
une
80%
bébé
79%
dit
79%
l'ai
79%
monde
79%
sous
79%
toujours
79%
m'aimez
78%
miroirs
78%
pétasse
78%
pieds
78%
devant
77%
être
77%
gratuite
77%
laisse
77%
passe
77%
tête
77%
tomb
77%
tourné
77%
vrai
77%
fou
76%
méchanceté
76%
respect
76%
tomber
76%
laisser
75%
yeux
75%
chanté
74%
chopper
74%
pourtant
74%
t'as
74%
touche
74%
trisomie
74%
donc
73%
étoiles
73%
mes
71%
mort
71%
tournait
70%
grossit
69%
mise
69%
qu'est-ce
69%
Johnny
68%
nouveau
68%
petit
68%
remplacer
68%
shinobi
68%
hypnose
67%
soupe
67%
juste
66%
miso
66%
tous
66%
j'essaye
65%
par
65%
détente
64%
enterrement
63%
San
63%
sûr
63%
sur
63%
anonyme
61%
avec
61%
encore
61%
humain
61%
mots
61%
ans
60%
l'eau
60%
morts
60%
on
60%
full
59%
GoPro
59%
prends
59%
trop
59%
l'hosto
58%
oublie
58%
péchés
58%
rappeur
58%
sont
58%
tes
58%
m'aimera
57%
l'idiot
56%
mêmes
56%
mer
56%
sais
56%
sers
56%
ceux
55%
connu
55%
descente
55%
d'exemple
55%
féminine
55%
robots
55%
claquettes
54%
pouvoir
54%
vie
54%
choses
53%
croiseras
53%
reviennent
53%
seul
53%
aimer
52%
baise
52%
beaucoup
52%
chrono
52%
éteignez
52%
nique
52%
niquée
52%
peu
52%
sortir
52%
trahissent
52%
adversaire
51%
contraire
51%
déménageais
51%
mère
51%
quand
51%
famille
50%
voir
50%
corps
49%
crache
49%
abyme
48%
façon
47%
bien
46%
drogue
46%
d'endorphine
45%
joues
45%
manque
45%
minimum
45%
montais
45%
ouais
45%
sans
45%
coeur
44%
compris
44%
déviance
44%
faux
44%
négros
43%
déchet
42%
déçu
42%
épuisé
42%
streament
42%
Dems
41%
euro
41%
méfiant
41%
qu'ils
41%
vraiment
41%
sale
40%
sors
40%
après
39%
avoir
39%
croyances
39%
normaux
39%
pensent
39%
plaisante
39%
divines
38%
veut
38%
idoles
37%
s'arrêter
37%
snobais
37%
société
37%
zéro
37%
car
36%
soutient
36%
bancale
35%
d'or
35%
pressé
35%
proches
35%
Ray-Ban
35%
avoué
33%
short
33%
d'effort
32%
maritime
32%
rappelle-toi
32%
types
32%
lâches
31%
rajoute
30%
décès
29%
force
28%
doctrines
27%
Nwaar
26%
dogmes
16%
Aucun quiz correspondant
Distribution des résultats
% des personnes avec chaque résultat
Percentile par nombre de réponses
Votre historique - résultats
Vous n’avez pas pris ce quiz